Une des trois villes les plus peuplées par pays - Sans les capitales - Statistiques

Statistiques générales
  • Ce quiz a été pris 14 209 fois
    14 040 depuis la dernière actualisation
  • Le résultat moyen est 32 sur 193
Réponses sur la Carte
Les réponses sont colorées sur une échelle allant du rouge au vert en fonction du pourcentage des utilisateurs qui les ont devinées à leur premier essai. Vous pouvez retrouver ces pourcentages ci-dessous.
 
Statistiques - réponses
Pays Réponse % Correct
France Marseille | Lyon | Toulouse
95%
États-Unis New York | Los Angeles | Chicago
95%
Espagne Barcelone | Valence | Séville
90%
Brésil São Paulo | Rio de Janeiro | Salvador de Bahia
88%
Canada Toronto | Montréal | Calgary
86%
Australie Sydney | Melbourne | Brisbane
85%
Italie Milan | Naples | Turin
82%
Allemagne Hambourg | Munich | Cologne
81%
Portugal Porto | Vila Nova de Gaia | Amadora
80%
Russie Saint-Pétersbourg | Novossibirsk | Iekaterinbourg
77%
Chine Shànghăi | Shēnzhèn | Guăngzhōu
72%
Suisse Zurich | Genève | Bâle
72%
Inde Mumbai | Delhi | Bangalore
71%
Maroc Casablanca | Fès | Tanger
70%
Turquie Istanbul | Izmir | Bursa
65%
Royaume-Uni Birmingham | Glasgow | Leeds
64%
Pays-Bas Rotterdam | La Haye | Utrecht
64%
Liechtenstein Schaan | Triesen | Balzers
63%
Japon Yokohama | Ōsaka | Nagoya
57%
Belgique Anvers | Gand | Charleroi
56%
Pologne Cracovie | Wrocław | Łódź
54%
Égypte Alexandrie | Gizeh | Shubra el-Kheima
50%
Émirats Arabes Unis Dubaï | Charjah | Al-Aïn
49%
Afrique du Sud Johannesbourg | Durban | Port Elizabeth
48%
Algérie Oran | Constantine | Annaba
48%
Suède Göteborg | Malmö | Uppsala
45%
Colombie Medellín | Cali | Barranquilla
44%
Israël Tel Aviv-Jaffa | Haïfa | Rishon LeZion
42%
Autriche Graz | Linz | Salzbourg
41%
Arabie Saoudite Djeddah | La Mecque | Médine
40%
Sierra Leone Kenema | Bo | Koidu
40%
Irlande Cork | Galway | Limerick
39%
Ukraine Kharkiv | Odessa | Dnipro
39%
Nouvelle-Zélande Auckland | Christchurch | Hamilton
38%
Nigeria Lagos | Kano | Ibadan
37%
Grèce Thessalonique | Patras | Héraklion
36%
Viêt Nam Hô Chi Minh-Ville | Haïphong | Đà Nẵng
35%
Croatie Split | Rijeka | Osijek
34%
Côte d'Ivoire Abidjan | Bouaké | Korhogo
32%
Norvège Bergen | Trondheim | Stavanger
30%
Corée du Sud Busan | Incheon | Daegu
30%
Pakistan Karachi | Lahore | Faisalabad
29%
Argentine Córdoba | Rosario | Mendoza
27%
Mexique Tijuana | Ecatepec de Morelos | León
26%
Togo Sokodé | Kara | Kpalimé
23%
République Tchèque Brno | Ostrava | Pilsen
22%
Syrie Alep | Homs | Hama
21%
Tanzanie Dar es Salaam | Mwanza | Zanzibar
21%
Danemark Aarhus | Odense | Aalborg
20%
Roumanie Cluj-Napoca | Iași | Constanța
19%
Sri Lanka Colombo | Kaduwela | Maharagama
16%
Lituanie Kaunas | Klaipėda | Šiauliai
16%
Tunisie Sfax | Sousse | Bizerte
16%
Kazakhstan Almaty | Chymkent | Aktioubé
14%
Cameroun Douala | Garoua | Bamenda
14%
Iran Machhad | Ispahan | Karadj
14%
Irak Mossoul | Bassorah | Kirkouk
14%
Bulgarie Plovdiv | Varna | Bourgas
14%
Birmanie Yangon | Mandalay | Mawlamyine
14%
Finlande Espoo | Tampere | Vantaa
13%
Indonésie Surabaya | Bandung | Bekasi
13%
Liban Tripoli | Sidon | Zahlé
13%
Vénézuela Maracaibo | Valencia | Barquisimeto
12%
Cuba Santiago de Cuba | Camagüey | Holguín
12%
République Dominicaine Santiago de los Caballeros | Los Alcarrizos | La Romana
12%
Libye Benghazi | Misrata | El Beïda
11%
Bénin Cotonou | Parakou | Godomey
11%
Équateur Guayaquil | Cuenca | Santo Domingo de los Colorados
11%
Serbie Novi Sad | Niš | Kragujevac
11%
Belize Belize City | San Ignacio | San Pedro
10%
Luxembourg Esch-sur-Alzette | Differdange | Dudelange
10%
Slovénie Maribor | Kranj | Celje
10%
Bangladesh Chittagong | Gazipur | Narayanganj
9%
Chypre Limassol | Stróvolos | Larnaca
9%
Kenya Mombasa | Nakuru | Ruiru
9%
Bolivie Santa Cruz de la Sierra | El Alto | Cochabamba
9%
Moldavie Tiraspol | Bălți | Tighina
9%
Hongrie Debrecen | Szeged | Miskolc
8%
Afghanistan Hérat | Kandahâr | Mazâr-e-Charîf
8%
Yémen Aden | Ta'izz | Al-Hodeïda
7%
Pérou Arequipa | Trujillo | Chiclayo
7%
Burundi Bujumbura | Ngozi | Rumonge
7%
Albanie Durrës | Vlora | Elbasan
7%
Somalie Hargeisa | Borama | Merka
7%
Slovaquie Košice | Prešov | Žilina
7%
République Démocratique du Congo Mbujimayi | Lubumbashi | Kananga
7%
République du Congo Pointe-Noire | Dolisie | Nkayi
7%
Philippines Quezon City | Davao | Caloocan
7%
Malte San Pawl il-Baħar | Birkirkara | Il-Mosta
7%
Estonie Tartu | Narva | Pärnu
7%
Chili Concepción | La Serena | Antofagasta
6%
Biélorussie Homiel | Vitebsk | Hrodna
6%
Ouzbékistan Namangan | Samarcande | Andijan
6%
Bosnie-Herzégovine Banja Luka | Tuzla | Zenica
5%
Géorgie Batoumi | Koutaïssi | Roustavi
5%
Lettonie Daugavpils | Liepāja | Jelgava
5%
Islande Keflavík | Akureyri | Selfoss
5%
Mozambique Matola | Nampula | Beira
5%
Cambodge Siem Reap | Battambang | Sihanoukville
5%
Saint-Vincent-et-les-Grenadines Georgetown | Byera | Barrouallie
4%
Ghana Kumasi | Tamale | Sekondi-Takoradi
4%
Nicaragua León | Tipitapa | Masaya
4%
Taïwan New Taipei City | Taichung | Kaohsiung
4%
Gabon Port-Gentil | Franceville | Owendo
4%
Kosovo Prizren | Gjilan | Peć
4%
Honduras San Pedro Sula | Choloma | La Ceiba
4%
Burkina Faso Bobo-Dioulasso | Koudougou | Saaba
3%
Andorre Escaldes-Engordany | Encamp | Sant Julià de Loria
3%
Grenade Gouyave | Grenville | Victoria
3%
Malaisie Kelang | Johor Bahru | Subang Jaya
3%
Macédoine du Nord Kumanovo | Bitola | Prilep
3%
Angola Lubango | Huambo | Benguela
3%
Monténégro Nikšić | Budva | Pljevlja
3%
Kirghizistan Och | Jalal-Abad | Karakol
3%
Soudan Omdourman | Khartoum Nord | Nyala
3%
Sénégal Pikine | Touba | Guédiawaye
3%
Jamaïque Portmore | Spanish Town | Montego Bay
3%
Namibie Rundu | Walvis Bay | Swakopmund
3%
Uruguay Salto | Ciudad de la Costa | Paysandú
3%
Laos Savannakhet | Paksé | Luang Prabang
3%
Salvador Soyapango | Santa Ana | San Miguel
3%
Malawi Blantyre | Mzuzu | Zomba
2%
Zimbabwe Bulawayo | Chitungwiza | Mutare
2%
Haïti Carrefour | Delmas | Pétion-Ville
2%
Paraguay Ciudad del Este | Luque | Capiatà
2%
Mongolie Erdenet | Darkhan | Choybalsan
2%
Botswana Francistown | Mogoditshane | Maun
2%
Azerbaïdjan Gandja | Sumqayıt | Khirdalan
2%
Éthiopie Gondar | Mekele | Adama
2%
Arménie Gyumri | Vanadzor | Abovyan
2%
Corée du Nord Hamhŭng | Ch'ŏngjin | Nampho
2%
Papouasie Nouvelle-Guinée Lae | Mendi | Popondetta
2%
Guinée Équatoriale Malabo | Bata | Ebebiyín
2%
Niger Maradi | Zinder | Tahoua
2%
Guatemala Mixco | Villa Nueva | Cobán
2%
Mauritanie Nouâdhibou | Kiffa | Mbera
2%
Bhoutan Phuntsholing | Tshongdue | Gelephu
2%
Népal Pokhara | Bharatpur | Lalitpur
2%
Saint-Marin Serravalle | Borgo Maggiore | Domagnano
2%
Oman Sib | Bawshar | Salalah
2%
Mali Sikasso | Mopti | Koutiala
2%
Madagascar Toamasina | Antsirabé | Mahajanga
2%
Turkménistan Türkmenabat | Daşoguz | Mary
2%
Jordanie Zarqa | Irbid | Rusaifa
2%
Djibouti Ali Sabieh | Dikhil | Obock
1%
Antigua-et-Barbuda All Saints | Liberta | Potters Village
1%
Bahreïn Al Muharraq | Riffa | Madinat Hamad
1%
Qatar Ar-Rayyān | Ad-Dawḥah al-Minṭaqat aṣ-Ṣinā'yah | Umm Ṣalāl Muḥammad
1%
Érythree Assab | Keren | Massaoua
1%
Timor Oriental Baucau | Pante Macassar | Ermera
1%
Kiribati Betio | Bikenibeu | Teaoraereke
1%
Sainte-Lucie Bexon | Babonneau | Ciceron
1%
République Centrafricaine Bimbo | Bégoua | Carnot
1%
Gambie Bundunka Kunda | Brikama | Sukuta
1%
Seychelles Cascade | Anse Étoile | Perseverance
1%
Trinité-et-Tobago Chaguanas | San Fernando | Arima
1%
Nauru Denigomodu | Meneng | Aiwo
1%
Îles Marshall Ebeye | Laura | Rairok
1%
Bahamas Freeport | West End | Coopers Town
1%
Guinée-Bissau Gabu | Bafatá | Canchungo
1%
Liberia Gbarnga | Buchanan | Ganta
1%
Rwanda Gisenyi | Ruhengeri | Gitarama
1%
Koweït Hawalli | Al Farwaniyah | Fintās
1%
Costa Rica Heredia | Cartago | Alajuela
1%
Maldives Hulhumalé | Hithadhoo | Kulhudhuffushi
1%
Tadjikistan Khodjent | Bokhtar | Kulob
1%
Zambie Kitwe | Ndola | Solwezi
1%
Suriname Koewarasan | De Nieuwe Grond | Lelydorp
1%
Palaos Koror | Airai | Meyuns
1%
Brunei Kuala Belait | Seria | Bukit Beruang
1%
Fidji Lautoka | Nadi | Nausori
1%
Guyana Linden | Golden Grove | Lusignan
1%
Vanuatu Luganville | Norsup | Port-Olry
1%
Eswatini Manzini | Nhlangano | Malkerns
1%
Lesotho Maputsoe | Mohale's Hoek | Mafeteng
1%
Cap-Vert Mindelo | Espargos | Assomada
1%
Tchad Moundou | Abéché | Sarh
1%
Comores Mutsamudu | Fomboni | Tsembéhou
1%
Ouganda Nansana | Kira | Makindye Ssabagabo
1%
Tonga Neiafu | Haveluloto | Tofoa-Koloua
1%
Sao Tomé-et-Principe Neves | Santana | Trindade
1%
Thaïlande Nonthaburi | Pak Kret | Hat Yai
1%
Guinée Nzérékoré | Kankan | Manéah
1%
Dominique Portsmouth | Canefield | Marigot
1%
Samoa Salelologa | Vaitele | Faleasi'u
1%
Saint-Kitts-et-Nevis Sandy Point Town | Charlestown | Middle Island
1%
Panama San Miguelito | Las Cumbres | Tocumen
1%
Barbade Speightstown | Holetown | Bathsheba
1%
Îles Salomon Tandai | Malango | Noro
1%
Maurice Vacoas-Phœnix | Beau-Bassin Rose-Hill | Quatre Bornes
1%
Soudan du Sud Wau | Malakal | Yambio
1%
États Fédérés de Micronésie Weno | Nett | Kitti
1%
Tuvalu Asau | Aulotu | Motufoua
0%
Aucun quiz correspondant
Distribution des résultats
% des personnes avec chaque résultat
Percentile par nombre de réponses
Votre historique - résultats
Vous n’avez pas pris ce quiz depuis la dernière actualisation